00426nam a2200157Ia 4500008004100000020001800041041000800059082001900067100001600086245005300102260004600155300000900201500001700210650001500227700002600242220803s9999 xx 000 0 und d a1-85788-326-8 aeng a650.13 BLA/LAC aBlanchard K aWhale Done : The Power Of Positive Relationships aLondonbNicholas Brealey Publishingc2005 a128p aArchitecture aManagement aBlanchard K Lacinak T